书目信息 |
| 题名: |
五育并举 立德育心
|
|
| 作者: | 王圣春 主编 | |
| 分册: | ||
| 出版信息: | 上海 华东师范大学出版社 2021.3 |
|
| 页数: | 172页 | |
| 开本: | 24cm | |
| 丛书名: | ||
| 单 册: | ||
| 中图分类: | G41 | |
| 科图分类: | ||
| 主题词: | 德育--研究--中国 | |
| 电子资源: | ||
| ISBN: | 978-7-5760-0693-3 | |
| 000 | 00776nam0 2200229 45 | |
| 001 | 012001004167 | |
| 005 | 20141014144329.0 | |
| 010 | @a978-7-5760-0693-3@dCNY38.00 | |
| 100 | @a20210206d2020 em y0chiy0110 ea | |
| 101 | 0 | @achi |
| 102 | @aCN@b310000 | |
| 105 | @aa z 000yy | |
| 106 | @ar | |
| 200 | 1 | @a五育并举 立德育心@Awu yu bing ju li de yu xin@f王圣春主编 |
| 210 | @a上海@c华东师范大学出版社@d2021.3 | |
| 215 | @a172页@c图,照片@d24cm | |
| 330 | @a本书内容包括:“五育并举 立德育心”项目顶层设计;德心融合,培养有内化力的学生;智心融合,培养有驱动力的学生;体心融合,培养有抗逆力的学生等。 | |
| 606 | 0 | @a德育@x研究@y中国 |
| 690 | @aG41@v5 | |
| 701 | 0 | @a王圣春@Awang sheng chun@f(1968-)@4主编 |
| 801 | @aCN@bAHXH@c20210922 | |
| 905 | @b1329729-33@dG41@e102@f5 | |
| 五育并举 立德育心/王圣春主编.-上海:华东师范大学出版社,2021.3 |
| 172页:图,照片;24cm |
| ISBN 978-7-5760-0693-3:CNY38.00 |
| 本书内容包括:“五育并举 立德育心”项目顶层设计;德心融合,培养有内化力的学生;智心融合,培养有驱动力的学生;体心融合,培养有抗逆力的学生等。 |
| ● |
| 相关链接 |
|
|
|
|
正题名:五育并举 立德育心
索取号:G41/102
 
预约/预借
| 序号 | 登录号 | 条形码 | 馆藏地/架位号 | 状态 | 备注 |
| 1 | 1329729 | 213297298 | 第一样本阅览室/ [索取号:G41/102] | 在馆 | |
| 2 | 1329730 | 213297305 | 教育系资料室/ [索取号:G41/102] | 在馆 | |
| 3 | 1329731 | 213297314 | 教育系资料室/ [索取号:G41/102] | 在馆 | |
| 4 | 1329732 | 213297323 | 第四借阅区/ [索取号:G41/102] | 在馆 | |
| 5 | 1329733 | 213297332 | 第四借阅区/ [索取号:G41/102] | 在馆 |